000 00790nam a2200313 a 4500
003 AR-BaBNM
005 20251128205359.0
008 082120s2002 ||||||||||||||000 | spa||
040 _cAR-BaBNM
100 1 _aRea, Domenico
245 0 0 _aNapóles y Pompeya
260 _aFirenze
_bBonechi
_c[s.f.]
300 _a64 p.
_bil., láms.
650 4 _aTURISMO
650 4 _aGUIAS DE VIAJE
650 4 _aMUSEOS
650 4 _aMONUMENTOS HISTORICOS
650 4 _aVISITAS A LOS MUSEOS
650 4 _aARTE RELIGIOSO
650 4 _aDISEÑO ARQUITECTONICO
650 4 _aEDIFICIOS RELIGIOSOS
650 4 _aPERIODICOS
650 4 _aPATRIMONIO CULTURAL
651 4 _aItalia
700 1 _aGiordano, Carlo
700 1 _aCasetta, Giovanni
_etraductor
942 _cBK
998 _cmariana
999 _c11170
_d11170